VIDHAYALAY GATIVIDHIYON KA AALAY (Record no. 8524)

MARC details
000 -LEADER
fixed length control field 00396nam a22001577a 4500
005 - DATE AND TIME OF LATEST TRANSACTION
control field 20240709125332.0
008 - FIXED-LENGTH DATA ELEMENTS--GENERAL INFORMATION
fixed length control field 240705b |||||||| |||| 00| 0 eng d
020 ## - INTERNATIONAL STANDARD BOOK NUMBER
ISBN 978-81-931824-2-0
041 ## - LANGUAGE CODE
Language code of text/sound track or separate title eng
100 ## - MAIN ENTRY--AUTHOR NAME
Personal name BATRA, DINANATH
245 ## - TITLE STATEMENT
Title VIDHAYALAY GATIVIDHIYON KA AALAY
260 ## - PUBLICATION, DISTRIBUTION, ETC. (IMPRINT)
Place of publication NEW DELHI
Name of publisher SHIKSHA SANSKRITI UTTHAN NYAS
300 ## - PHYSICAL DESCRIPTION
Number of Pages 211;p
856 ## - ELECTRONIC LOCATION AND ACCESS
Uniform Resource Identifier 44-L
942 ## - ADDED ENTRY ELEMENTS (KOHA)
Koha item type Books
Holdings
Lost status Damaged status Collection code Home library Current library Shelving location Date acquired Source of acquisition Cost, normal purchase price Accession Number Koha item type
    Non-fiction JRU Library JRU Library SHELF-44-L 05/07/2024 PURCHASE 100.00 28186 Books
    Non-fiction JRU Library JRU Library SHELF-44-L 05/07/2024 PURCHASE 100.00 28187 Books